000 01089nam a22001937a 4500
008 120723t xxu||||| |||| 00| 0 eng d
020 _a0071114661
050 _aQA76.64.W78
100 _aWu,Thomas C.
245 _aAn introduction to object-oriented programming with java. /
_cThomas C. Wu.
250 _a3rd ed.
260 _aBoston:
_bMcGraw Hill,
_c2004.
300 _axxix, 962 p.:
_c24cm.
500 _aIncludes index.
505 _aContents: Getting started with java -- Numerical data -- Defining your own classes -- Selection statements -- Repetition statements -- Event-driven programming and basic GUI objects -- Exceptions and assertions -- Characters and strings -- Arrays -- Sorting and searching -- File input and output -- Inheritance and polymorphism -- Advanced GUI -- Recursion algorithms -- Appendix A: How to run java programs -- Appendix B: Sample programs -- Appendix C: Standard classes and interfaces -- Appendix D: UML diagrams.
650 _aObject-oriented programming (Computer science)
650 _aJava (Computer program language)
942 _2lcc
_cBK
999 _c1787
_d9287